Statistics for Eurovision 2012 Results with New Voting System

Click here to take the quiz!

General Stats

  • This quiz has been taken 5 times
  • The average score is 12 of 42

Answer Stats

PositionPoints TotalJury PointsTelevoting PointsCountry% Correct
#1639 (Final)296343Sweden
100%
#2426 (Final)94332Russia
100%
#3384 (Final)173211Serbia
75%
#4269 (Final)118151Azerbaijan
75%
#5263 (Final)157106Albania
75%
#6230 (Final)15278Estonia
50%
#7226 (Final)50176Turkey
50%
#8223 (Final)98125Germany
50%
#12170 (Final)53117Romania
50%
#26*40 (Final)2416Norway
50%
#2547 (Final)1136United Kingdom
50%
#15149 (Final)6089Greece
50%
#2369 (Final)5118Denmark
50%
#35 (#16 in Semi-Final 2)77 (Semi-Final 2)6215Georgia
25%
#2185 (Final)850France
25%
#28 (#11 in Semi-Final 1)94 (Semi-Final 1)4549Switzerland
25%
#2450 (Final)3020Hungary
25%
#29 (#12 in Semi-Final 1)93 (Semi-Final 1)5736Finland
25%
#2280 (Final)7010Malta
25%
#2092 (Final)5339Iceland
25%
#9213 (Final)15756Italy
25%
#18128 (Final)7157Bosnia and Herzegovina
25%
#17148 (Final)6979Macedonia
25%
#16148 (Final)8563Cyprus
25%
#14150 (Final)8268Lithuania
25%
#13162 (Final)12537Ukraine
25%
#11179 (Final)10475Moldova
25%
#10199 (Final)15445Spain
25%
#19103 (Final)1489Ireland
25%
#41 (#17 in Semi-Final 1)40 (Semi-Final 1)382Belgium
0%
#40 (#16 in Semi-Final 1)42 (Semi-Final 1)2715Austria
0%
#39 (#15 in Semi-Final 1)52 (Semi-Final 1)2824Montenegro
0%
#38 (#18 in Semi-Final 2)67 (Semi-Final 2)4027Slovenia
0%
#37 (#14 in Semi-Final 1)67 (Semi-Final 1)4225San Marino
0%
#31 (#13 in Semi-Final 1)88 (Semi-Final 1)7216Israel
0%
#36 (#17 in Semi-Final 2)72 (Semi-Final 2)4032Slovakia
0%
#34 (#15 in Semi-Final 2)82 (Semi-Final 2)3151The Netherlands
0%
#33 (#14 in Semi-Final 2)86 (Semi-Final 2)2759Bulgaria
0%
#32 (#13 in Semi-Final 2)86 (Semi-Final 2)4937Portugal
0%
#30 (#12 in Semi-Final 2)89 (Semi-Final 2)5237Belarus
0%
#27 (#11 in Semi-Final 2)**100 (Semi-Final 2)6634Croatia
0%
#42 (#17 in Semi-Final 1)35 (Semi-Final 1)1718Latvia
0%

Score Distribution

Percentile by Number Answered

Percent of People with Each Score

Your Score History

You have not taken this quiz